Counties of Albania Map Quiz - Statistics

General Stats
  • This quiz has been taken 1,731 times
  • The average score is 7 of 12
Answers on the Map
Answers color-coded by a green-red scale on the quiz's map according to % correct below.
 
Answer Stats
Answer % Correct
Shkodër
72%
Tiranë
70%
Vlorë
68%
Durrës
62%
Gjirokastër
59%
Elbasan
55%
Korçë
55%
Berat
53%
Fier
53%
Lezhë
51%
Kukës
50%
Dibër
46%
No matching quizzes found
Score Distribution
Percent of People with Each Score
Percentile by Number Answered
Your Score History
You have not taken this quiz